000 01029nam a2200289 i 4500
003 IT-RoINE
005 20200302093011.0
008 010307s2001 sp a r ||1 f|spa d
020 _a8470398857 (o.c.)
020 _a8470398652 ( v. 1)
020 _a8470392859 ( v. 2)
040 _aSpMaBN
_cSpMaBN IT-RoINE
_dIT-RoINE
100 1 _aCorral, Pedro de,
_dSiglos 14o.-15o.
_966990
245 1 0 _aCrónica del rey don Rodrigo (Crónica sarracina) :
_bpostprimero rey de los Godos /
_cPedro de Corral ; edición, introducción y notas de James Donald Fogelquist.
246 1 3 _aCrónica sarracina
260 _aMadrid :
_bCastalia,
_c2001.
300 _a2 v. :
_bil. ;
_c18 cm.
336 _2rdacontent
_atext
337 _2rdamedia
_aunmediated
338 _2rdacarrier
_avolume
490 1 _aClásicos Castalia ;
_v257-258
500 _aSubtitulo tomado de la cubierta.
500 _aIncluye índices.
700 1 _aFogelquist, James Donald,
_d1951-
_966991
830 0 _934162
_aClásicos Castalia ;
_v257-258
942 _cMTS
999 _c34015
_d34015